U.S. States that have Changed Capitals - Statistics

General Stats
  • This quiz has been taken 1,069 times
  • The average score is 17 of 25
Answer Stats
Former Capital State % Correct
Detroit Michigan
97%
New York New York
97%
New Orleans Louisiana
96%
Philadelphia Pennsylvania
96%
Iowa City Iowa
94%
San Jose California
93%
Charleston South Carolina
92%
Portland Maine
91%
Knoxville Tennessee
88%
New Haven Connecticut
87%
Augusta Georgia
85%
Huntsville Alabama
80%
Williamsburg Virginia
72%
Fayetteville North Carolina
66%
Wheeling West Virginia
64%
Natchez Mississippi
58%
Exeter New Hampshire
52%
Zanesville Ohio
51%
New Castle Delaware
49%
Saint Charles Missouri
45%
Windsor Vermont
38%
South Kingstown Rhode Island
37%
Vandalia Illinois
36%
Corydon Indiana
35%
Guthrie Oklahoma
32%
No matching quizzes found
Score Distribution
Percent of People with Each Score
Percentile by Number Answered
Your Score History
You have not taken this quiz